Les 20 plus grandes villes françaises sans autoroutes - Statistiques

Statistiques générales
  • Ce quiz a été pris 244 fois
  • Le résultat moyen est 11 sur 20
Statistiques - réponses
ville population région % Correct
Brest 139 619 Bretagne
97%
Ajaccio 73 822 Corse
88%
Bastia 48 768 Corse
85%
Quimper 63 642 Bretagne
84%
Lorient 57 846 Bretagne
80%
Vannes 54 420 Bretagne
78%
Saint-Brieuc 44 224 Bretagne
71%
Cherbourg-en-Cotentin 77 808 Normandie
69%
Saint-Malo 47 323 Bretagne
67%
La Rochelle 78 535 Nouvelle Aquitaine
59%
Saint-Nazaire 72 057 Pays de la Loire
55%
Gap 40 500 Provence-Alpes-Côte-D'azur
46%
Angoulême 41 086 Nouvelle Aquitaine
41%
Castres 42 672 Occitanie
40%
Les Sables-d'Olonne 48 402 Pays de la Loire
37%
Evreux 47 229 Normandie
34%
Roanne 34 762 Auvergne Rhône-Alpes
29%
Alès 43 892 Occitanie
26%
Istres 44 577 Provence-Alpes-Côte-D'azur
14%
Thonon-les-Bains 37 027 Auvergne Rhône-Alpes
9%
Aucun quiz correspondant
Distribution des résultats
% des personnes avec chaque résultat
Percentile par nombre de réponses
Votre historique - résultats
Vous n’avez pas pris ce quiz